Domácí chov zvířat /

Hlavní autor: Havlín, Jiří
Další autoři: Procházka, Otakar
Jazyk: Čeština
Vydáno: Praha : SZN, 1983
Vydání: 1. vyd.
Edice: Živočišná výroba (Státní zemědělské nakladatelství)
Témata:
Externí odkaz: Digitalizovaný dokument
Fyzický popis: 404 s. : il. ; 21 cm
Knihy
Uloženo v:
LEADER 01591nam a22004212a 4500
001 000415619
003 CZ BrMZK
005 20101215125818.0
007 ta
008 990305s1983 xr a f cze d
015 |a cnb000000774 
020 |q (Brož.) :  |c 32 Kčs 
035 |a (OCoLC)39574061 
040 |a ABA001  |b cze  |d ABA001 
080 9 |a 636.3 
080 9 |a 636.5 
080 9 |a 636.92 
080 9 |a 636.08 
100 1 |a Havlín, Jiří  |7 jn19981001438  |4 aut 
245 1 0 |a Domácí chov zvířat /  |c Jiří Havlín a kolektiv ; ilustroval Otakar Procházka 
250 |a 1. vyd. 
260 |a Praha :  |b SZN,  |c 1983  |e (Most :  |f SG) 
300 |a 404 s. :  |b il. ;  |c 21 cm 
490 1 |a Živočišná výroba 
500 |a Seznam chovatelských organ. 
500 |a 75000 výt. 
504 |a Obsahuje bibliografii 
500 |a Dostupné též v digitální podobě v aplikaci Kramerius 
655 7 |a příručky  |7 fd133209  |2 czenas 
700 1 |a Procházka, Otakar  |7 jx20040907021  |4 ill 
830 0 |a Živočišná výroba (Státní zemědělské nakladatelství)  |0 s 
856 4 1 |u http://www.digitalniknihovna.cz/mzk/uuid/uuid:c3264010-4725-11ee-a913-005056827e51  |y Digitalizovaný dokument  |x NDK 
910 |a BOA001  |b 2-0862.609 
990 |a BK 
991 |b 201007 
996 7 |b 2618864153  |c 2-0862.609  |l MZK  |r Sklad / do 1 hodiny  |n 0  |w 000415619  |u 000030  |a 1  |e BOA001  |j MZK50  |s A 
996 6 |b 2619365841  |c 2-0862.609  |l MZK  |r Sklad / do 1 hodiny  |n 0  |w 000415619  |u 000020  |a 1  |e BOA001  |j MZK50  |s P 
996 7 |b 2619792853  |c 2-0862.609  |l MZK  |r Sklad / do 1 hodiny  |n 4  |w 000415619  |u 000010  |a 1  |e BOA001  |j MZK50  |s A